000 00667nam a2200229 a 4500
001 000009742
003 DO-SdBNP
005 20240412074212.0
007 ta
008 091001s1983 dr a r 000 p spa d
040 _aDO-SdBNP
_bspa
_cBNPHU
082 4 _aRD861.44
_bC292c
_222
100 1 _aCaro, Pedro
_923783
245 1 0 _aContra viento y marea :
_b(sobrevivencias) /
_cPedro Caro.
260 _aSanto Domingo :
_bAlfa & Omega,
_c1983.
300 _a91 p. :
_bil. ;
_c20 cm.
590 _aInventariado, 2018/BT
650 4 _aPoesía dominicana
_966
650 0 _aLiteratura dominicana.
_967
910 _aValidado. Control de calidad. MMOLINA
942 _2ddc
_cLBS1
999 _c9502
_d9502